<?xml version="1.0" encoding="UTF-8"?>
<record
    xmlns:xsi="http://www.w3.org/2001/XMLSchema-instance"
    xsi:schemaLocation="http://www.loc.gov/MARC21/slim http://www.loc.gov/standards/marcxml/schema/MARC21slim.xsd"
    xmlns="http://www.loc.gov/MARC21/slim">

  <leader>00406nam a2200157   4500</leader>
  <controlfield tag="001">46059</controlfield>
  <datafield tag="090" ind1=" " ind2=" ">
    <subfield code="a">46059</subfield>
  </datafield>
  <datafield tag="100" ind1=" " ind2=" ">
    <subfield code="a">20260428              pory50       </subfield>
  </datafield>
  <datafield tag="101" ind1=" " ind2=" ">
    <subfield code="a">por</subfield>
  </datafield>
  <datafield tag="102" ind1=" " ind2=" ">
    <subfield code="a">PT</subfield>
  </datafield>
  <datafield tag="200" ind1=" " ind2=" ">
    <subfield code="a">A Olaria em Elvas</subfield>
    <subfield code="d">In revista Portug&#xE1;lia II</subfield>
    <subfield code="f">A. Tom&#xE1;s Pires</subfield>
  </datafield>
  <datafield tag="210" ind1=" " ind2=" ">
    <subfield code="a">[N&#xE3;o identificado]</subfield>
    <subfield code="c">[N&#xE3;o identificado]</subfield>
    <subfield code="d">1905-1908</subfield>
  </datafield>
  <datafield tag="215" ind1=" " ind2=" ">
    <subfield code="a">274-277 p.</subfield>
  </datafield>
  <datafield tag="675" ind1=" " ind2=" ">
    <subfield code="a">738(469)</subfield>
  </datafield>
  <datafield tag="801" ind1=" " ind2=" ">
    <subfield code="a">PT</subfield>
    <subfield code="g">RPC</subfield>
  </datafield>
  <datafield tag="990" ind1=" " ind2=" ">
    <subfield code="c">PERIODICOS</subfield>
  </datafield>
  <datafield tag="995" ind1=" " ind2=" ">
    <subfield code="1">0</subfield>
    <subfield code="9">78025</subfield>
    <subfield code="b">FLC</subfield>
    <subfield code="c">FLC</subfield>
    <subfield code="f">057207</subfield>
    <subfield code="k">738(469) PIR</subfield>
    <subfield code="o">-1</subfield>
    <subfield code="r">PERIODICOS</subfield>
    <subfield code="u">fotoc&#xF3;pia do original. revista Portug&#xE1;lia, 1905-1908</subfield>
  </datafield>
</record>
